Normal view
MARC view
Entry Topical Term
001 - CONTROL NUMBER
- control field: 16973
003 - CONTROL NUMBER IDENTIFIER
- control field: BD-RjUL
005 - DATE AND TIME OF LATEST TRANSACTION
- control field: 20250928110618.0
008 - FIXED-LENGTH DATA ELEMENTS
- fixed length control field: 250928|| aca||aabn | a|a d
040 ## - CATALOGING SOURCE
- Original cataloging agency: BD-RjUL
- Transcribing agency: BD-RjUL
150 ## - HEADING--TOPICAL TERM
- Topical term or geographic name entry element: Decentralization in government
- Geographic subdivision: Bangladesh
- General subdivision: Case studies
670 ## - SOURCE DATA FOUND
- Source citation: Work cat.: (BD-RjUL)85755: Alam, Muhammad Mustafa. 16972, Development through decentralization in Bangladesh :, 1994.